Top 15 Portland Trail Blazers players of all-time - Statistics

General Stats
  • This quiz has been taken 21 times
  • The average score is 8 of 15
Answer Stats
Pos/Placement Answer % Correct
SF #1 Clyde Drexler
100%
PG #3 Damian Lillard
95%
C #2 Bill Walton
80%
SG #11 CJ Mccollum
75%
SG #6 Brandon Roy
65%
C #4 LaMarcus Aldridge
65%
C #10 Arvydas Sabonis
60%
PG #7 Terry Porter
55%
C #15 Kevin Duckworth
40%
SF #8 Jerome Kersey
30%
PF #5 Maurice Lucas
30%
SG #9 Geoff Petrie
25%
SF #12 Kiki Vandeweghe
15%
PF #13 Sidney Wicks
15%
PF #14 Zach Randolph
10%
No matching quizzes found
Score Distribution
Percent of People with Each Score
Percentile by Number Answered
Your Score History
You have not taken this quiz